LEADER 00908nam0-22003371i-450- 001 990007965710403321 005 20080222100550.0 010 $a88-382-3872-3 035 $a000796571 035 $aFED01000796571 035 $a(Aleph)000796571FED01 035 $a000796571 100 $a20041202d2001----km-y0itay50------ba 101 0 $aita 102 $aIT 105 $ay-------001yy 200 1 $aUmanità e moralità$fA. Marocco ... [et al.]$ga cura di Armando Rigobello 210 $aRoma$cStudium$d2001 215 $aIX, 113 p.$d21 cm 225 1 $a<>dialettica$v8 610 0 $aMorale 676 $a170.44$v21$zita 702 1$aRigobello,$bArmando$f<1924- > 702 1$aMarocco,$bAngelo 801 0$aIT$bUNINA$gRICA$2UNIMARC 901 $aBK 912 $a990007965710403321 952 $aP.1 FRM 778$fFLFBC 959 $aFLFBC 996 $aUmanita e moralita$9281789 997 $aUNINA LEADER 01123nam 2200337Ia 450 001 996383866603316 005 20221108084439.0 035 $a(CKB)1000000000587477 035 $a(EEBO)2248513795 035 $a(UnM)9928910100971 035 $a(UnM)99899403 035 $a(EXLCZ)991000000000587477 100 $a19980924d1689 uy | 101 0 $aeng 135 $aurbn#|||a|bb| 200 13$aAn abridgment of Christian doctrine$b[electronic resource] $ewith proofs of scripture for points controverted. Catechistically explained, by way of question and answer 205 $aThe fourteenth edition, with additions. 210 $aPrinted at Doway $c[s.n.$d1689] 215 $a[6], 290, 5, [3] p 300 $aBy Henry Turberville. 300 $aImprint from Wing. 300 $aReproduction of original in the Folger Shakespeare Library. 330 $aeebo-0055 700 $aTurberville$b Henry$fd. 1678.$0793399 801 0$bCu-RivES 801 1$bCu-RivES 801 2$bWaOLN 906 $aBOOK 912 $a996383866603316 996 $aAn abridgment of Christian doctrine$92327757 997 $aUNISA LEADER 05328 am 22008413u 450 001 9910366652703321 005 20230125232321.0 010 $a981-13-9061-4 024 7 $a10.1007/978-981-13-9061-6 035 $a(CKB)4100000009844876 035 $a(DE-He213)978-981-13-9061-6 035 $a(MiAaPQ)EBC5978081 035 $a(Au-PeEL)EBL5978081 035 $a(OCoLC)1135666417 035 $a(oapen)https://directory.doabooks.org/handle/20.500.12854/38795 035 $a(PPN)260300926 035 $a(EXLCZ)994100000009844876 100 $a20191112d2020 u| 0 101 0 $aeng 135 $aurnn#008mamaa 181 $ctxt$2rdacontent 182 $cc$2rdamedia 183 $acr$2rdacarrier 200 10$aFraming in Sustainability Science$b[electronic resource] $eTheoretical and Practical Approaches /$fedited by Takashi Mino, Shogo Kudo 205 $a1st ed. 2020. 210 $aSingapore$cSpringer Nature$d2020 210 1$aSingapore :$cSpringer Singapore :$cImprint: Springer,$d2020. 215 $a1 online resource (VIII, 196 p. 65 illus., 56 illus. in color.) 225 1 $aScience for Sustainable Societies,$x2197-7348 311 $a981-13-9060-6 327 $aPart 1 Theoretical Approaches/ Theoretical Approaches to sustainability issues -- Theoretical and methodological pluralism in sustainability science -- Approaches for framing sustainability challenges: experiences from Swedish sustainability science education -- Part 2 Practical Approaches / Practical Approaches to sustainability issues -- The value of grey -- Framing in place making when envisioning a sustainable rural community in the time of aging and shrinking societies in Japan -- Role of Framing in sustainability science: The case of Minamata disease -- Time scales in framing disaster risk reduction in sustainability -- Food security framing and poverty alleviation -- Part 3 Conclusion/ Epilogue -- Linking framing to actions for sustainability. 330 $aThis open access book offers both conceptual and empirical descriptions of how to ?frame? sustainability challenges. It defines ?framing? in the context of sustainability science as the process of identifying subjects, setting boundaries, and defining problems. The chapters are grouped into two sections: a conceptual section and a case section. The conceptual section introduces readers to theories and concepts that can be used to achieve multiple understandings of sustainability; in turn, the case section highlights different ways of comprehending sustainability for researchers, practitioners, and other stakeholders. The book offers diverse illustrations of what sustainability concepts entail, both conceptually and empirically, and will help readers become aware of the implicit framings in sustainability-related discourses. In the extant literature, sustainability challenges such as climate change, sustainable development, and rapid urbanization have largely been treated as ?pre-set,? fixed topics, while possible solutions have been discussed intensively. In contrast, this book examines the framings applied to the sustainability challenges themselves, and illustrates the road that led us to the current sustainability discourse. 410 0$aScience for Sustainable Societies,$x2197-7348 606 $aSustainable development 606 $aRegional planning 606 $aUrban planning 606 $aNature conservation 606 $aEconomic development?Environmental aspects 606 $aEnvironmental education 606 $aSustainable Development$3https://scigraph.springernature.com/ontologies/product-market-codes/U34000 606 $aLandscape/Regional and Urban Planning$3https://scigraph.springernature.com/ontologies/product-market-codes/J15000 606 $aNature Conservation$3https://scigraph.springernature.com/ontologies/product-market-codes/U26008 606 $aDevelopment and Sustainability$3https://scigraph.springernature.com/ontologies/product-market-codes/913110 606 $aEnvironmental and Sustainability Education$3https://scigraph.springernature.com/ontologies/product-market-codes/O48000 610 $aEnvironment 610 $aSustainable development 610 $aRegional planning 610 $aUrban planning 610 $aNature conservation 610 $aEconomic development?Environmental aspects 610 $aEnvironmental education 615 0$aSustainable development. 615 0$aRegional planning. 615 0$aUrban planning. 615 0$aNature conservation. 615 0$aEconomic development?Environmental aspects. 615 0$aEnvironmental education. 615 14$aSustainable Development. 615 24$aLandscape/Regional and Urban Planning. 615 24$aNature Conservation. 615 24$aDevelopment and Sustainability. 615 24$aEnvironmental and Sustainability Education. 676 $a338.927 700 $aMino$b Takashi$4edt$0802102 702 $aMino$b Takashi$4edt$4http://id.loc.gov/vocabulary/relators/edt 702 $aKudo$b Shogo$4edt$4http://id.loc.gov/vocabulary/relators/edt 801 0$bMiAaPQ 801 1$bMiAaPQ 801 2$bMiAaPQ 906 $aBOOK 912 $a9910366652703321 996 $aFraming in Sustainability Science$93359967 997 $aUNINA LEADER 03451oam 2200721I 450 001 9910785683603321 005 20230725030645.0 010 $a1-136-92840-5 010 $a1-136-92841-3 010 $a1-283-03771-8 010 $a9786613037718 010 $a0-203-84560-9 024 7 $a10.4324/9780203845608 035 $a(CKB)2670000000068809 035 $a(EBL)614644 035 $a(OCoLC)701703663 035 $a(SSID)ssj0000467145 035 $a(PQKBManifestationID)12147050 035 $a(PQKBTitleCode)TC0000467145 035 $a(PQKBWorkID)10466326 035 $a(PQKB)10531022 035 $a(MiAaPQ)EBC614644 035 $a(OCoLC)709749589 035 $a(EXLCZ)992670000000068809 100 $a20180706h20111988 uy 0 101 0 $aeng 135 $aur|n|---||||| 181 $ctxt 182 $cc 183 $acr 200 10$aBanking policy in Japan $eAmerican efforts at reform during the occupation /$fWilliam M. Tsutsui 210 1$aLondon :$cRoutledge,$d1988, 2011. 215 $a1 online resource (127 p.) 225 0 $aRoutledge library editions. Japan ;$v19 300 $aDescription based upon print version of record. 311 $a0-415-85269-2 311 $a0-415-58525-2 320 $aIncludes bibliographical references (pages 146-151) and index. 327 $aBook Cover; Title01; Copyright01; Title02; Copyright02; Contents; General Editor's Preface; Acknowledgements; Abbreviations Used in the Text; Introduction; 1 Background to Reform: The Development of Japanese Banking, 1868-1945; 2 'Financial Demilitarisation', 1945-8; 3 The Banks and the Antitrust Programme, 1945-8; 4 Legal Reform of the Financial System, 1948-50; 5 Finance Under the Dodge Line, 1949-52; 6 Conclusions; Appendix I: Measures of Banking Concentration in Japan, 1901-52; Appendix II: Measures of 'Overloan', 1900-51; Notes; Bibliography; Index 330 $aThe unique Japanese banking system has contributed greatly to Japan's post-war economic advance by investing aggressively in industry and by supporting close government-business relations. The banking sector might not have come to assume such a significant role, however, had American efforts to reform Japanese finance during the Occupation (1945-52) been successful. How Japan's banking system maintained continuity of development and avoided the occupiers' attempts at ""democratisation"" and ""Americanisation"" is the subject of this book. It explores why the Americans were committed to refo 606 $aBanks and banking --Japan -- History -- 19th century 606 $aBanks and banking --Japan -- History -- 20th century 606 $aJapan -- History -- Allied Occupation, 1945-1952 606 $aFinance$2HILCC 606 $aBusiness & Economics$2HILCC 606 $aBanking$2HILCC 607 $aJapan$xHistory$yAllied Occupation, 1945-1952 615 4$aBanks and banking --Japan -- History -- 19th century. 615 4$aBanks and banking --Japan -- History -- 20th century. 615 4$aJapan -- History -- Allied Occupation, 1945-1952. 615 7$aFinance 615 7$aBusiness & Economics 615 7$aBanking 676 $a332.10952 676 $a332.1095209045 700 $aTsutsui$b William M.$0928253 801 0$bAU-PeEL 801 1$bAU-PeEL 801 2$bAU-PeEL 906 $aBOOK 912 $a9910785683603321 996 $aBanking policy in Japan$93846179 997 $aUNINA